[Event "Rubinstein Memorial 36th"]
[Site "Polanica Zdroj"]
[Date "1999.08.22"]
[Round "6"]
[White "Khenkin, Igor"]
[Black "Milov, Vadim"]
[Result "0-1"]
[WhiteElo "2633"]
[BlackElo "2626"]
[Annotator "Ribli,Z"]
[PlyCount "80"]
[EventDate "1999.08.17"]
[EventType "tourn"]
[EventRounds "9"]
[EventCountry "POL"]
[EventCategory "15"]
[SourceTitle "CBM 073"]
[Source "ChessBase"]
[SourceDate "1999.12.01"]
[SourceVersion "1"]
[SourceVersionDate "1999.12.01"]
[SourceQuality "1"]

{[%mdl 576]} 1. d4 Nf6 2. c4 e6 3. Nf3 d5 4. Nc3 Nbd7 5. Bg5 (5. Bf4 {Dieser
Zug ist stärker, wenn Schwarz statt 4...Nbd7 den Zug 4...Be7 spielt. Ribli.}
dxc4 6. e3 Nb6 (6... Nd5 7. Bxc4 Nxf4 8. exf4 Bd6 9. Ne5 O-O 10. O-O Nb6 11.
Bb3 Bd7 12. Qg4 Bxe5 $5 13. dxe5 Bc6 $11) 7. Bxc4 Nxc4 8. Qa4+ c6 $5 9. Qxc4
Nd5 $11) 5... Bb4 {Jetzt wir haben die Grundstellung der Ragozin-Variante.
Schwarz kämpft um das Feld e4 und gibt daher im richtigen Moment das
Läuferpaar auf c3.} 6. cxd5 exd5 7. e3 c5 8. Bd3 Qa5 9. O-O {Eine sehr
riskante Fortsetzung. Weiss verteidigt nicht den Springer c3, sondern strebt
nach schneller Entwicklung. Meines Erachtens ist die Hauptfortsetzung 9.Qc2
sicherer als der Textzug.} (9. Qc2 c4 10. Bf5 O-O 11. O-O) 9... c4 10. Bc2 (10.
Bf5 $5) 10... Bxc3 11. bxc3 Qxc3 {Das ist die kritische Fortsetzung. Schwarz
nimmt den Bauern. Weiss hat gute Entwicklung und das Läuferpaar, aber ich bin
nicht ganz sicher, ob die weisse Kompensation völlig genügend ist.} (11... Ne4
12. Bh4 Ndf6 (12... O-O 13. Bxe4 dxe4 14. Nd2 Qd5 15. a4 Nb6 16. a5 Nd7 17. Qb1
Re8 18. Qb4 b5 19. axb6 Nxb6 20. Ra5 Qe6 21. Rfa1 {1-0 Cvitan,O-Ellers,H/Bern
1995/EXP 46 (41)}) (12... Qxc3 13. Rc1 Qa3 14. Bxe4 dxe4 15. Nd2 O-O 16. Nxe4
$1 b5 17. Bg3 Qe7 18. Nd6 {Ftacnik,L. 1-0 Gelfand,B-Lautier,J/Belgrade 1991/
CBM 27/[Ftacnik] (27)}) (12... Nxc3 13. Qe1 b6 14. e4 Nxe4 15. Bxe4 Qxe1 16.
Rfxe1 dxe4 17. Rxe4+ Kf8 18. Rae1 g6 19. Re7 $16) 13. Bxf6 Nxf6 14. Qc1 O-O 15.
a4 Bd7 16. Ne5 Bc6 17. Qb2 Rab8 18. Rfb1 Rfe8 19. Nxc6 {1-0 Cvitan,O-Becker,M/
St.Ingbert op 1995/EXT 95op (19)}) 12. Rc1 {[%cal Gc1c3]} (12. Qb1 Qa5 (12...
O-O 13. e4 dxe4 (13... Nxe4 14. Be7 $16 {[%cal Re7f8,Re7b4]}) 14. Bd2 Qa3 15.
Bb4 Qa6 16. Bxf8 exf3 17. Bb4 fxg2 18. Re1 $13) (12... Qa3) 13. e4 $44) 12...
Qa3 (12... Qa5 13. Ne5 O-O 14. f4 $1 (14. Qf3 Re8 15. Qg3 Qa6 16. f4 Qd6 17.
Rf3 b5 18. Qh4 Ne4 19. Bxe4 dxe4 20. Rg3 f6 21. Bh6 Re7 22. Bxg7 Rxg7 {0-1
Moreno,A-Rodriguez/Hermanos Saiz 1992/EXT 97 (41)}) 14... Re8 15. Nxd7 $1 Nxd7
16. Qh5 {1-0 Moreno,A-Vilela,J/La Habana (m/5) 1997/[Moreno,Ale] (24)}) 13. Ne5
b5 {Schwarz verteidigt den c4-Bauern, denn im Falle von späterem e3-e4, könnte
der c4-Bauern schwach sein.} (13... O-O) 14. Nxd7 Bxd7 $146 {Interessant,
dieser logische Zug ist eine theoretische Neuerung.} (14... Nxd7 15. e4 h6 16.
Bh4 Nb6 17. Re1 O-O 18. e5 Na4 19. Re3 Qxa2 20. Rg3 Qb2 21. Qd2 $40 {1-0
Pafnutieff,V-Bisguier,A/Hollywood 1954/EXT 99 (39)}) 15. Qf3 (15. Bxf6 gxf6 16.
Qf3 {[%cal Rf3f6,Rf3d5]} Qd6 17. e4 $44 {Weiss hat Initiative für den Bauern
und der schwarze König steht unsicher in der Mitte.}) 15... Qd6 {[%csl Gd6]
Die Dame verteidigt die wichtigsten Punkte in der schwarzen Stellung.} (15...
Bg4 $6 16. Qf4 $16 {[%csl Gf4,Rf6,Rg4]}) 16. a4 (16. Bxf6 gxf6 17. e4 $44)
16... Bg4 (16... b4 17. Bxf6 gxf6 18. e4 $44) 17. Bf4 (17. Qg3 Qxg3 18. fxg3 b4
{[%csl Gb4,Gc4]} 19. Bxf6 gxf6 20. Rxf6 b3 $17) 17... Qe6 $5 $15 (17... Bxf3
18. Bxd6 Be4 19. axb5 Bxc2 20. Rxc2 Ne4 $11) 18. Qg3 {[%cal Gg3g7]} b4 {
[%csl Gb4,Gc4] Die verbundenen schwarzen Bauern sind stark.} 19. f3 b3 20. Bb1
(20. fxg4 bxc2 $17 {[%csl Ye4]}) 20... Bh5 21. Bd6 {[%csl Gd6][%cal Gd6a3,
Gd6f8] Weiss hat starke Kontrolle über die schwarzen Felder. Das ist durchaus
typisch für die Ragozin-Variante.} (21. Qxg7 Rg8 22. Qh6 Bg6 $17) 21... Bg6 22.
Bc5 (22. e4 Nh5 23. Qe5 Qxe5 24. Bxe5 (24. dxe5 Nf4 $17) 24... f6 $17) 22...
Nd7 23. Ba3 Bxb1 24. Rxb1 Qxe3+ $17 {Schwarz hat einen weiteren Bauern
gewonnen. Seine Bauernmasse ist stark (d5,c4,b3), aber sein König steht noch
ein wenig unsicher.} 25. Kh1 O-O-O $8 26. Qxg7 {Weiss hat nur einen Bauern
weniger, aber die weisse Kompensation ist fraglich.} Qe6 27. Qg5 (27. Rfe1 Qg6
$17 {Weiss kann den Damentausch nicht vermeiden.}) 27... Rde8 {[%cal Ge8e1]}
28. Qd2 Kb7 {Schwarz verbessert seine Königsstellung.} 29. Rfe1 Qc6 {[%cal
Rc6a4]} 30. Rec1 {[%cal Gc1c6,Gb1b7] Es droht eventuell 31.Rxb3+.} (30. a5
Rxe1+ 31. Qxe1 (31. Rxe1 c3 $19 {[%csl Gb3,Gc3]}) 31... Qg6 $17) 30... Qxa4 {
Schwarz hat zwei gesunde Mehrbauern. Weiss ist ohne Kompensation.} 31. Qf4 {
[%cal Rf4f7]} f6 32. Qd6 Nb6 (32... Qc6 33. Rxb3+ $1 Nb6 $15) 33. Bc5 Qc6 34.
Qf4 {Weiss muss die Damen um jeden Preis auf dem Brett halten.} Re2 {[%csl Ge2]
} 35. Bb4 {[%cal Gb1b3,Gc1c6]} Rg8 36. g4 (36. Rxb3 Rgxg2 $19) 36... Qe6 $19 {
Schwarz vermeidet die Motiven mit Rxb3.} 37. Re1 Rc8 {[%csl Gb3,Gc4][%cal
Gc4c3] Die schwarze Bauern sind kaum noch aufzuhalten.} 38. Rxe2 Qxe2 {[%csl
Ge2]} 39. Re1 Qd3 {[%csl Gd3][%cal Gc4c3,Gb3b2]} 40. Qxf6 {Die schwarzen
Freibauern entscheiden den Kampf.} b2 (40... b2 41. Qf5 Qxf5 42. gxf5 c3 $19)
0-1

[Event "Abu Dhabi op 13th"]
[Site "Abu Dhabi"]
[Date "2003.08.25"]
[Round "9"]
[White "Bagirov, Rufat"]
[Black "Vasilevich, Tatjana"]
[Result "1-0"]
[WhiteElo "2507"]
[BlackElo "2431"]
[Annotator "Ribli,Z"]
[PlyCount "119"]
[EventDate "2003.08.16"]
[EventType "swiss"]
[EventRounds "9"]
[EventCountry "UAE"]
[SourceTitle "CBM 097"]
[Source "ChessBase"]
[SourceDate "2003.11.11"]
[SourceVersion "1"]
[SourceVersionDate "2003.11.11"]
[SourceQuality "1"]

1. d4 Nf6 2. c4 e6 3. Nf3 d5 4. Nc3 Bb4 {Das ist die Grundstellung der
sogenannten Ragosin-Variante, die ein spezielles Hybrid der Nimzoindischen
Verteidigung und des Damengambits ist.} 5. Bg5 {Die andere Hauptvariante ist 5.
cxd5 exd5. Jetzt kann Schwarz mit 5...dxc4 die Wiener Variante spielen.} h6 6.
Bxf6 Qxf6 7. e3 O-O 8. Rc1 dxc4 (8... c6) 9. Bxc4 c5 10. O-O cxd4 11. exd4 Nc6
{Schwarz hat das Läuferpaar und der weiße d4P ist isoliert. Aber Weiß hat auch
seine positionellen Vorteile - er hat Raumvorteil, der c8B ist nicht leicht zu
entwickeln und die f6Q steht exponiert.} (11... Rd8 $5) 12. Ne4 Qf4 {Dieser
Damezug ist scheinbar aktiv, aber nach meiner persönlichen Meinung ist 12...
Qe7 sicherer und bietet Schwarz mehr Ausgleichschancen.} (12... Qd8 13. a3 Ba5
14. Qd3 Bb6 15. Rfd1 Qe7 16. Bb5 Bd7 (16... Rd8 $5 {Ftacnik}) 17. Nc5 $14 {
1-0 Topalov,V-Polgar,J/Madrid 1997/CBM 59/[Ribli] (45)}) (12... Qe7 13. Qe2 Ba5
(13... Rd8 14. Rfd1 Bd7 15. a3 Ba5 16. Nc5 Be8 17. b4 {1/2-1/2 Gulko,B-Serper,
G/Seattle 2002/CBM 87 (17)}) 14. Bb5 Bd7 15. Nc5 Be8 16. Qe4 Bb6 17. Bd3 g6 18.
Rfd1 {1/2-1/2 Benjamin,J-Serper,G/Connecticut 2000/EXT 2001 (42)}) 13. Qe2 Bd7
(13... Rd8 14. g3 Qg4 15. Rfd1 Bd7 16. a3 Bf8 (16... Be7 17. Qe3 Be8 18. b4 a6
19. Be2 Qh3 $6 (19... Qf5 20. Nc5 Bxc5 21. dxc5 Qf6 22. Bd3 $14) 20. Nc5 (20.
Nc3 $5) 20... Bxc5 21. dxc5 {1-0 Gelfand,B-Piket,J/New Delhi/Theran 2000/CBM
80/[Gelfand] (32)}) 17. Qe3 Be8 18. b4 Qh5 19. Be2 Qf5 20. Nh4 Qh7 21. Nc5 {
1/2-1/2 Magai,V-Mitkov,N/Istanbul 2000/EXT 2001 (44)}) 14. g3 (14. a3 Be7 15.
Rfd1 Rad8 16. g3 Qg4 17. Qe3 Bc8 18. b4 a6 19. Rd2 Kh8 20. Be2 Qf5 21. Nc5 Qd5
22. Bc4 Qh5 23. Rcd1 a5 {1/2-1/2 Lerner,K-Farago,I/Boeblingen 1997/EXT 2001 
(36)}) 14... Qc7 (14... Qg4) (14... Qf5) 15. Qe3 Rfd8 16. a3 Bf8 17. b4 $14 {
[%cal Gc1c7,Ge4c5] Weiß kontrolliert mehr Raum und die schwarze Dame steht
weniger glücklich auf der c-Linie.} a6 18. Rfd1 (18. d5 exd5 19. Bxd5 Bh3 20.
Rfd1 Rd7 $11) 18... Be8 19. Bb3 Rac8 20. Nc5 {[%csl Gc5][%mdl 32]} Bxc5 {
Weiß hat noch keine konkreten Drohungen, aber den Nc5 muss man tauschen.} 21.
dxc5 {[%csl Ga3,Gb4,Gc5] Weiß hat seinen isolierten Bauern aufgelöst und seine
Bauernmehrheit am Damenflügel stellt immer eine potenzielle Gefahr für Schwarz
dar.} Rxd1+ 22. Bxd1 {Weiß tauscht mit dem Läufer, weil er den Turmtausch
vermeiden möchte, der Schwarz etwas entlasten würde.} (22. Rxd1 $5 Rd8 23. Rxd8
Qxd8 $14) 22... Rd8 (22... Ne7 $1 {[%cal Ge8c6,Gc6h1]} 23. Qe5 $5 (23. Bc2 Bc6
$11) 23... Qxe5 24. Nxe5 Bc6 (24... Nc6 25. Nc4 $16) 25. Nc4 (25. a4 Kf8 26.
Nxc6 Nxc6 27. b5 axb5 28. axb5 Nd4 $11) 25... Rd8 26. Be2 Nf5 27. Kf1 Kf8 28.
Na5 Nd4 (28... Bd5 29. c6 $16) 29. Rd1 Ke7 30. Nxc6+ $1 Nxc6 31. Rxd8 Kxd8 32.
Bd3 {[%csl Gd3]} a5 33. b5 Nd4 34. Bc4 Kd7 35. a4 g5 $1 (35... Nf3 $2 36. Ke2
Nxh2 37. f3 g5 38. g4 f5 39. gxf5 exf5 40. Bd3 Ke6 41. Bxf5+ $3 $18) 36. Kg2 g4
37. h3 h5 38. hxg4 hxg4 39. Kf1 f5 40. Ke1 e5 41. Kd2 $36) 23. Bc2 Qe7 (23...
Ne7 $1 24. Qe4 Nf5 25. Qg4 Ne7) 24. Qc3 f6 $6 (24... Qf6 25. Qxf6 gxf6 $14 {
Weiß hat theoretischen Vorteil wegen seiner Bauernmehrheit, aber die schwarze
Stellung scheint mir haltbar.}) 25. Re1 {[%cal Ge1e7]} e5 26. Nh4 {[%csl Yf5,
Yg6][%cal Gh4g6,Gh4f5]} Nd4 27. f4 {[%cal Ge1e7] Weiß möchte den e5-Bauern
isolieren.} (27. Nf5 Nxf5 28. Bxf5 $14) 27... Nxc2 $6 {Schwarz gibt
leichtfertig seinen stolzen Nd4 auf, was mir nicht gefällt.} (27... Qe6 $5 28.
fxe5 fxe5 $11 (28... Nxc2 29. Qxc2 Bc6 30. Ng6)) 28. Qxc2 Qd7 29. fxe5 Qd4+ (
29... fxe5 30. Nf3 $16) 30. Qf2 fxe5 31. Nf5 (31. Nf3 Qc3 32. Nxe5 Qxa3 33. Qf4
Qb3 $11) 31... Qxf2+ 32. Kxf2 Rd2+ 33. Re2 Rxe2+ 34. Kxe2 {In diesem Endspiel
hat Weiß dauerhaften Vorteil - der Pe5 ist immer schwach und früher oder
später kann Weiß seine Mehrheit am Damenflügel mobilisieren.} Kf8 {[%mdl 4096]}
35. Ke3 {Droht jetzt 36.Ke4 mit Bauerngewinn.} Bc6 36. g4 Kf7 37. h4 Kf6 38.
Ng3 g6 39. Ne4+ Ke6 (39... Bxe4 $2 40. Kxe4 Ke6 41. a4 $18) 40. Nc3 {[%cal
Ga3a4,Gb4b5] Weiß bereitet 41.a4 und 42.b5 vor.} h5 {Schwarz möchte das
Material reduzieren, aber der h5P kann später schwach werden.} 41. gxh5 (41. g5
$2 Kf5 $132) 41... gxh5 42. a4 Kf5 43. b5 axb5 44. axb5 Bh1 (44... Be8 $2 45.
c6 Bxc6 (45... bxc6 46. b6 $18) 46. bxc6 bxc6 47. Kf3 $18) (44... Bd7 45. Ne4
Ke6 46. c6 bxc6 47. b6 Bc8 48. Ng3 c5 49. Nxh5 Kd6 50. Nf6 Kc6 51. Ke4 c4 52.
h5 Be6 (52... c3 53. Nd5 c2 54. Nb4+ Kxb6 55. Nxc2 Be6 56. Kxe5 $18) 53. h6 c3
54. h7 c2 55. h8=Q c1=Q 56. Qe8+ Kxb6 57. Qxe6+ $14) 45. Na2 Ke6 (45... Bg2)
46. Nb4 Bg2 47. Ke2 Be4 48. Kd2 Bg2 49. Ke2 Be4 {Diese Stellung hatten wir
schon nach dem 47. schwarzen Zug.} 50. Ke3 Bg2 51. Nd3 Bf1 $6 (51... Kd5 52. c6
bxc6 53. b6 Kd6 54. Nc5 {Diese Variante führt zu einer ähnlichen Stellung wie
die Partiefortsetzung - siehe die Stellung nach 54.Nc5.} (54. Nxe5 c5 $11)) 52.
c6 bxc6 $6 (52... b6 $5 $11) 53. b6 $1 {[%csl Gb6]} Kd6 54. Nc5 $16 {[%csl Rd6]
Schwarz hat einen Bauern mehr, aber der b6P und der c5N stehen ausgezeichnet.
Der d6K kann nicht aktiv mitwirken.} (54. Nxe5 c5) 54... Bg2 55. Kd3 Bh1 (55...
e4+ $2 56. Kd4 (56. Nxe4+ Bxe4+ 57. Kxe4 c5 $11) (56. Ke3 $18) 56... Bf3 57.
Ke3 Bg2 58. Na6 $18) 56. Kc3 Bf3 57. Kb3 Bg2 58. Ka4 Bf1 $2 (58... Bh3 59. Ne4+
Kd7 60. Ka5 Bf1 61. Nf6+ Kc8 62. Nxh5 $16) 59. Ka5 $18 Bc4 (59... Bh3 60. Ne4+
$18) 60. Na6 1-0

[Event "Scandic Hotels CC"]
[Site "Stockholm"]
[Date "1999.08.02"]
[Round "3"]
[White "Agrest, Evgenij"]
[Black "Ahlander, Bjorn"]
[Result "1-0"]
[WhiteElo "2554"]
[BlackElo "2436"]
[Annotator "Ribli,Z"]
[PlyCount "47"]
[EventDate "1999.07.31"]
[EventType "tourn"]
[EventRounds "9"]
[EventCountry "SWE"]
[EventCategory "9"]
[SourceTitle "CBM 073"]
[Source "ChessBase"]
[SourceDate "1999.12.01"]
[SourceVersion "1"]
[SourceVersionDate "1999.12.01"]
[SourceQuality "1"]

{[%mdl 24576]} 1. c4 e6 2. Nf3 d5 3. d4 Nf6 4. Nc3 Nbd7 {Mit dieser Zugfolge
kann Schwarz einigen Varianten vermeiden. Jetzt ist z.B. 5.Bf4 weniger stark
als nach 4...Be7. Der Unterschied ist, dass in der Partiestellung der Zug 5.
Bf4 mit 5...dxc4 und folgendem ...Nb6 beantwortet werden kann. Ribli.} 5. cxd5
exd5 6. Bg5 Bb4 (6... Be7 {Dieser Läuferzug führt zur Abtauschvariante des
Damengambits.}) 7. Qa4 {Eine seltene Nebenvariante. Der Zug 7.e3 wird oft
gespielt.} Qe7 $6 {Die prinzipielle Fortsetzung wäre 7...c5, ganz im Geiste
der Ragozin-Variante.} (7... a5 8. e3 c6 9. Bd3 O-O 10. Qc2 h6 11. Bh4 Re8 12.
O-O Be7 13. Bg3 Nh5 14. Nxd5 Nxg3 15. Nxe7+ Qxe7 16. hxg3 {1-0 Lautier,J-Piket,
J/8th Amber Blindfold, Monte Carlo MNC 1999 (60)}) (7... c5 8. dxc5 (8. a3 $6
Bxc3+ 9. bxc3 O-O 10. dxc5 Nxc5 11. Qd4 Nce4 $15 {[%csl Ge4]}) 8... Qa5 9. Bd2
O-O 10. Qxa5 Bxa5 11. Na4 Bxd2+ 12. Nxd2 b5 13. cxb6 axb6 14. b3 Re8 15. Nf3 b5
16. Nb2 Ne4 17. e3 b4 $44 {1/2-1/2 Mascarenhas,A-Rubinetti,J/Sao Paulo 1986/
EXT 99 (72)}) 8. e3 O-O 9. Bd3 c5 10. O-O {[%csl Rd5][%cal Rc3d5] Der
c3-Sprinegr ist nicht mehr gefesselt, daher hängt jetzt der Bauer auf d5.} Bxc3
{Schwarz nimmt freiwillig auf c3. Das bedeutet, dass Weiss Eröffnungsvorteil
hat.} (10... Nb6 11. Qc2 {[%cal Rc2h7]} h6 12. Bxf6 Qxf6 13. dxc5 Bxc5 14. Nxd5
Nxd5 15. Qxc5 $16) 11. bxc3 $14 {Weiss hat ein starkes Bauernzentrum und das
Läuferpaar.} c4 {Schwarz schliesst die Stellung gegen das weisse Läuferpaar.
Weiss kann allerdings in der Folge e3-e4 durchsetzen.} (11... Nb6 12. Qa3 $16 {
[%csl Rc5][%cal Ga3e7]} (12. Qc2 {[%cal Rc2h7]} h6 13. Bxf6 gxf6 14. dxc5 (14.
Rab1) 14... Qxc5 15. Nd4 $16 {[%csl Gd4]})) 12. Bb1 $1 {Dieser Zug ist viel
stärker als die automatische Antwort 12.Bc2. Weiss bereitet Qc2 vor.} (12. Bc2
h6 13. Bh4 Qe6 14. Nd2 Nb6 15. Qa5 Ne4 16. Nxe4 dxe4 17. f3 Qd5 18. Qc5 Qxc5
19. dxc5 Nd5 20. Bxe4 Nxc3 21. Bc2 Bd7 22. a4 Nd5 23. Be4 Bc6 24. Bxd5 Bxd5 25.
e4 Be6 26. Rfb1 Rfc8 27. Be7 Rc7 28. Bd6 Rd7 29. a5 f5 30. e5 a6 31. Rb4 {
1/2-1/2 Farago,I-Sifrer,D/Ljubljana 1992/CBM 31 (53)}) 12... h6 $6 {Schwarz
schwächt freiwillig seine Königsstellung.} (12... Qe6 13. Nd2 $14) 13. Bh4 Qe6
{Früher oder später muss Schwarz den Springer entfesseln.} 14. Nd2 g6 $6 {
Eine weitere freiwillige Schwächung der Königsstellung.} (14... Re8 $142 15.
Qc2 Nf8) 15. Qc2 Nb6 16. Re1 {[%cal Ge3e4] Der Vorstoss e3-e4 ist die weisse
Hauptidee.} Bd7 {[%cal Gd7c6,Gc6e4,Gc6a4,Ga4c2]} 17. f3 (17. a4 $14) 17... Rae8
(17... Ba4 18. Qc1 $14 {[%cal Gc1h6]}) 18. Qc1 {[%cal Gc1h6] Es droht noch
nichts konkretes, aber die Dame schielt schon mal nach h6.} Kg7 19. e4 $16 {
Weiss hat freie Hand im Zentrum, während Schwarz ohne aktives Spiel
zurechtkommen muss.} Bc6 (19... dxe4 20. fxe4 $16 {[%csl Gd4,Ge4]}) 20. e5 Nh5
$2 {Der Springer steht unglücklich auf h5.} (20... Ng8 21. Nf1 $16 {Weiss
bereitet den Plan Ne3 mit der Idee f3-f4-f5 vor.}) (20... Nh7 $16) 21. Nf1 {
[%csl Rh5][%cal Rg2g4,Rg4h5] Es droht 22.g4.} g5 $2 (21... Kh7 $16) 22. Bxg5
$16 {Weiss hat einen Bauern mehr und steht wegen der geschwächten schwarzen
Königsstellung klar auf Gewinn.} Rg8 (22... hxg5 23. Qxg5+ $18 {[%cal Rg5g7,
Rg5h5]}) 23. Bh4 Kh8 24. Bf6+ {Schwarz gab auf. Sein König befindet sich im
Mattnetz.} (24. Bf6+ Nxf6 25. Qxh6+ Nh7 26. Qxh7# $18) 1-0